Normal view
MARC view
Entry Personal Name
001 - CONTROL NUMBER
- control field: 264587
003 - CONTROL NUMBER IDENTIFIER
- control field: OSt
005 - DATE AND TIME OF LATEST TRANSACTION
- control field: 20260526120110.0
008 - FIXED-LENGTH DATA ELEMENTS
- fixed length control field: 260526|| aca||aabn | a|a d
040 ## - CATALOGING SOURCE
- Original cataloging agency: OSt
- Transcribing agency: OSt
100 ## - HEADING--PERSONAL NAME
- Personal name: GIHUBHAI BADHEKA.
- Dates associated with a name: ಗಿಜುಭಾಯಿ ಬಧೇಕಾ
670 ## - SOURCE DATA FOUND
- Source citation: Work cat.: (OSt)99458: GIHUBHAI BADHEKA. ಗಿಜುಭಾಯಿ ಬಧೇಕಾ, Hagaluganasu., 1995